[Event "Junior Online 4NCL Division 5"]
[Site "online"]
[Date "2021.04.01"]
[EventDate "2021.04.01"]
[Round "6.222"]
[White "Hansjee, Sebastian"]
[WhiteElo "900"]
[WhiteTeam "The Hall 5"]
[Black "Schmidt, Eoin"]
[BlackElo "1045"]
[BlackTeam "Dragon Kings 1"]
[Result "0-1"]
[PlyCount "56"]

1. e4 c5 2. Nc3 d6 3. Nf3 Nf6 4. Bb5+ Bd7 5. Bc4 e6 6. O-O Be7 7. d3 O-O 8. Ng5 h6 9. Nh7 Kxh7 10. Bxh6 gxh6 11. a3 Bc6 12. b4 cxb4 13. axb4 Rg8 14. g3 d5 15. exd5 exd5 16. b5 dxc4 17. bxc6 Nxc6 18. dxc4 Qxd1 19. Raxd1 Bb4 20. Na4 Rad8 21. Rxd8 Rxd8 22. Nc5 Bxc5 23. c3 a6 24. Rb1 b5 25. cxb5 axb5 26. Rxb5 Rd1+ 27. Kg2 Ba7 28. Rb6 Bxb6 0-1

[Event "Junior Online 4NCL Division 5"]
[Site "online"]
[Date "2021.04.01"]
[EventDate "2021.04.01"]
[Round "6.223"]
[White "Varea, Gabriel"]
[WhiteElo "955"]
[WhiteTeam "Dragon Kings 1"]
[Black "Dean, Eskander"]
[BlackElo "900"]
[BlackTeam "The Hall 5"]
[Result "0-1"]
[PlyCount "106"]

1. e4 e5 2. Nf3 Nc6 3. Bb5 Nf6 4. Bxc6 dxc6 5. d3 Be6 6. Nxe5 Bc5 7. Bf4 O-O 8. Nd2 h6 9. O-O Qd4 10. c3 Qd6 11. Ndf3 Bg4 12. h3 Bxf3 13. Qxf3 g5 14. Nc4 Qxf4 15. Qxf4 gxf4 16. d4 Bb6 17. Nxb6 axb6 18. e5 Nd5 19. Rfe1 Rfe8 20. g3 fxg3 21. fxg3 f6 22. exf6 Nxf6 23. Rxe8+ Rxe8 24. g4 h5 25. gxh5 Nxh5 26. b3 c5 27. dxc5 bxc5 28. c4 c6 29. Kh2 Re2+ 30. Kg1 b5 31. cxb5 cxb5 32. Rd1 Rxa2 33. Rd8+ Kf7 34. Rd7+ Ke6 35. Rb7 b4 36. Rb6+ Kd5 37. Rh6 Nf4 38. Rh4 Ne2+ 39. Kg2 Nd4+ 40. Kg3 Nxb3 41. Rh5+ Kd4 42. Rh4+ Kd3 43. Rg4 c4 44. h4 c3 45. h5 c2 46. Rh4 c1=Q 47. h6 Qe3+ 48. Kg4 Rg2+ 49. Kf5 Qf3+ 50. Ke6 Re2+ 51. Kd7 Qd5+ 52. Kc7 Rc2+ 53. Rc4 Rxc4+ 0-1

[Event "Junior Online 4NCL Division 5"]
[Site "online"]
[Date "2021.04.01"]
[EventDate "2021.04.01"]
[Round "6.225"]
[White "Pasha, Ahmed"]
[WhiteElo "900"]
[WhiteTeam "The Hall 5"]
[Black "Varea, Benjamin"]
[BlackElo "1278"]
[BlackTeam "Dragon Kings 1"]
[Result "1/2-1/2"]
[PlyCount "122"]

1. e4 c6 2. Qh5 Nf6 3. Qf3 e5 4. Bc4 Bc5 5. Nh3 h6 6. d3 d6 7. Be3 Bxe3 8. fxe3 Be6 9. Bxe6 fxe6 10. d4 exd4 11. exd4 O-O 12. e5 Nh7 13. Qg4 Qe7 14. exd6 Qxd6 15. Na3 Qb4+ 16. c3 Qxb2 17. Qxe6+ Kh8 18. Nc2 Qxc2 19. Qb3 Qxg2 20. O-O-O Qxh3 21. Qxb7 Qe3+ 22. Rd2 Qxc3+ 23. Rc2 Qe3+ 24. Rd2 Nd7 25. Qxd7 Rac8 26. Qxa7 c5 27. dxc5 Qxc5+ 28. Qxc5 Rxc5+ 29. Rc2 Rfc8 30. Rxc5 Rxc5+ 31. Kb2 g5 32. Re1 Nf6 33. Re6 Kg7 34. Kb3 Rd5 35. a4 Rf5 36. Kb4 Nd5+ 37. Kc4 h5 38. a5 Nc7 39. a6 Nxa6 40. Rxa6 Rf4+ 41. Kd3 Rf3+ 42. Ke2 g4 43. Ra7+ Kh6 44. Ra6+ Kg5 45. Ra5+ Kh4 46. Ra1 Rh3 47. Rh1 Kg5 48. Kf2 g3+ 49. Kg2 Rxh2+ 50. Rxh2 gxh2 51. Kxh2 Kg4 52. Kg2 h4 53. Kh2 h3 54. Kh1 Kg3 55. Kg1 Kf3 56. Kh2 Kg4 57. Kh1 Kh5 58. Kh2 Kh4 59. Kh1 Kg3 60. Kg1 h2+ 61. Kh1 Kh3 1/2-1/2

[Event "Junior Online 4NCL Division 5"]
[Site "online"]
[Date "2021.04.01"]
[EventDate "2021.04.01"]
[Round "6.226"]
[White "Schmidt, Eoin"]
[WhiteElo "1045"]
[WhiteTeam "Dragon Kings 1"]
[Black "Hansjee, Sebastian"]
[BlackElo "900"]
[BlackTeam "The Hall 5"]
[Result "1-0"]
[PlyCount "43"]

1. e4 e5 2. Nf3 Nc6 3. Bc4 Bc5 4. Nc3 d6 5. h3 h6 6. d3 Nf6 7. Be3 Bxe3 8. fxe3 Be6 9. Bb3 Bxb3 10. axb3 Qe7 11. d4 exd4 12. exd4 O-O-O 13. d5 Nb4 14. Nd4 c5 15. Ndb5 Kb8 16. Rxa7 Nxe4 17. Nxe4 Qxe4+ 18. Qe2 Qxd5 19. O-O g5 20. Rfa1 Kc8 21. Qg4+ Rd7 22. Ra8# 1-0

[Event "Junior Online 4NCL Division 5"]
[Site "online"]
[Date "2021.04.01"]
[EventDate "2021.04.01"]
[Round "6.227"]
[White "Dean, Eskander"]
[WhiteElo "900"]
[WhiteTeam "The Hall 5"]
[Black "Varea, Gabriel"]
[BlackElo "955"]
[BlackTeam "Dragon Kings 1"]
[Result "1-0"]
[PlyCount "103"]

1. d4 d5 2. Nf3 Bg4 3. Nc3 Bxf3 4. exf3 e6 5. Bf4 Nd7 6. Bd3 Ngf6 7. O-O a6 8. Re1 Bb4 9. Qd2 Bxc3 10. Qxc3 c6 11. Rad1 O-O 12. h3 h6 13. a3 Re8 14. Be5 b6 15. b4 a5 16. b5 c5 17. a4 Rc8 18. Bxf6 Qxf6 19. Be2 cxd4 20. Qxd4 Qxd4 21. Rxd4 Rxc2 22. Bd1 Rc1 23. Rd2 Rec8 24. Kf1 f5 25. Rxe6 Kf7 26. Rd6 Ke7 27. R6xd5 Nc5 28. Rc2 Rxd1+ 29. Rxd1 Ke6 30. Rcd2 Nxa4 31. Rd6+ Ke7 32. Rd7+ Kf8 33. Rd8+ Rxd8 34. Rxd8+ Kf7 35. Rd7+ Kg6 36. g4 fxg4 37. fxg4 Nc3 38. Rb7 a4 39. Rxb6+ Kg5 40. Rc6 Nb1 41. b6 a3 42. b7 a2 43. b8=Q a1=Q 44. Qd8+ Kf4 45. Qd6+ Kf3 46. Qd3+ Kf4 47. Rc4+ Kg5 48. Qd5+ Kg6 49. Rc6+ Kh7 50. Qf5+ g6 51. Qxg6+ Kh8 52. Rc8# 1-0

[Event "Junior Online 4NCL Division 5"]
[Site "online"]
[Date "2021.04.01"]
[EventDate "2021.04.01"]
[Round "6.231"]
[White "Patel, Thanuj"]
[WhiteElo "850"]
[WhiteTeam "Maidenhead Juniors 6"]
[Black "Sheehy, Lewis"]
[BlackElo "1076"]
[BlackTeam "Manchester Juniors F"]
[Result "0-1"]
[PlyCount "54"]

1. e4 g5 2. Nf3 h6 3. h4 Bg7 4. hxg5 hxg5 5. Nxg5 Rxh1 6. Qf3 e5 7. Nxf7 Qf6 8. Qxf6 Bxf6 9. Nd6+ cxd6 10. Nc3 Nc6 11. d3 b6 12. Kd2 Bg5+ 13. Kd1 Bxc1 14. Kxc1 Rxf1+ 15. Nd1 Nf6 16. Kd2 Nd4 17. c3 Ne6 18. d4 exd4 19. cxd4 Nxd4 20. Rc1 Bb7 21. Ne3 Rxc1 22. Kxc1 Rc8+ 23. Nc2 Bxe4 24. Kd2 Rxc2+ 25. Ke3 Ne6 26. f3 Bh7 27. b4 Nd5# 0-1

[Event "Junior Online 4NCL Division 5"]
[Site "online"]
[Date "2021.04.01"]
[EventDate "2021.04.01"]
[Round "6.232"]
[White "Pearson, Matt D"]
[WhiteElo "1035"]
[WhiteTeam "Manchester Juniors F"]
[Black "Muthukumaran, Sriram"]
[BlackElo "787"]
[BlackTeam "Maidenhead Juniors 6"]
[Result "0-1"]
[PlyCount "33"]

1. e4 e5 2. Nf3 Nc6 3. Bc4 Bc5 4. O-O Nf6 5. d3 h6 6. Nc3 d6 7. Nh4 O-O 8. Qf3 Nd4 9. Qg3 Nh5 10. Qf3 Nxf3+ 11. Nxf3 Qf6 12. a3 Qg6 13. Nh4 Qg4 14. g3 g5 15. d4 Bxd4 16. Be2 Qh3 17. Nd5 0-1

[Event "Junior Online 4NCL Division 5"]
[Site "online"]
[Date "2021.04.01"]
[EventDate "2021.04.01"]
[Round "6.233"]
[White "Tripathi, Advik"]
[WhiteElo "749"]
[WhiteTeam "Maidenhead Juniors 6"]
[Black "Govindu, Aashrith Reddy"]
[BlackElo "989"]
[BlackTeam "Manchester Juniors F"]
[Result "0-1"]
[PlyCount "34"]

1. e4 e5 2. Nf3 Nc6 3. d4 Bd6 4. dxe5 Nxe5 5. Bf4 Bb4+ 6. c3 Nxf3+ 7. gxf3 Bc5 8. Rg1 Nf6 9. Rxg7 Nh5 10. Rg5 Nxf4 11. Rxc5 b6 12. Rd5 Nxd5 13. exd5 O-O 14. Qe2 Re8 15. Qxe8+ Qxe8+ 16. Be2 Ba6 17. Nd2 Qxe2# 0-1

[Event "Junior Online 4NCL Division 5"]
[Site "online"]
[Date "2021.04.01"]
[EventDate "2021.04.01"]
[Round "6.234"]
[White "Meredith, George"]
[WhiteElo "949"]
[WhiteTeam "Manchester Juniors F"]
[Black "Tripathi, Anaya"]
[BlackElo "716"]
[BlackTeam "Maidenhead Juniors 6"]
[Result "1-0"]
[PlyCount "27"]

1. e4 e5 2. Nf3 Nc6 3. Nc3 Nf6 4. Bb5 a6 5. Bxc6 dxc6 6. O-O Bb4 7. d3 O-O 8. Nxe5 Bg4 9. Nxg4 Qd7 10. Nxf6+ gxf6 11. Bh6 Rfe8 12. Qf3 Qe6 13. Qg3+ Kh8 14. Qg7# 1-0

[Event "Junior Online 4NCL Division 5"]
[Site "online"]
[Date "2021.04.01"]
[EventDate "2021.04.01"]
[Round "6.236"]
[White "Muthukumaran, Sriram"]
[WhiteElo "787"]
[WhiteTeam "Maidenhead Juniors 6"]
[Black "Pearson, Matt D"]
[BlackElo "1035"]
[BlackTeam "Manchester Juniors F"]
[Result "1-0"]
[PlyCount "22"]

1. e4 e5 2. Nf3 Bc5 3. Bc4 Nc6 4. Nc3 Nf6 5. d3 d6 6. Bg5 h6 7. Bh4 g5 8. Bg3 h5 9. O-O h4 10. Nxg5 hxg3 11. Nxf7 Ng4 1-0

[Event "Junior Online 4NCL Division 5"]
[Site "online"]
[Date "2021.04.01"]
[EventDate "2021.04.01"]
[Round "6.237"]
[White "Govindu, Aashrith Reddy"]
[WhiteElo "989"]
[WhiteTeam "Manchester Juniors F"]
[Black "Tripathi, Advik"]
[BlackElo "749"]
[BlackTeam "Maidenhead Juniors 6"]
[Result "1-0"]
[PlyCount "27"]

1. e4 e5 2. Nf3 Nc6 3. Nc3 Nf6 4. d4 d6 5. d5 Ne7 6. Bb5+ c6 7. Bc4 cxd5 8. exd5 Nfxd5 9. Nxd5 Be6 10. Ng5 Bxd5 11. Bxd5 Nxd5 12. Qxd5 Qxg5 13. Bxg5 b6 14. Qb5# 1-0

[Event "Junior Online 4NCL Division 5"]
[Site "online"]
[Date "2021.04.01"]
[EventDate "2021.04.01"]
[Round "6.238"]
[White "Tripathi, Anaya"]
[WhiteElo "716"]
[WhiteTeam "Maidenhead Juniors 6"]
[Black "Meredith, George"]
[BlackElo "949"]
[BlackTeam "Manchester Juniors F"]
[Result "0-1"]
[PlyCount "72"]

1. e4 e5 2. Nf3 Nc6 3. Nc3 Nf6 4. d4 Bb4 5. Bd3 Bxc3+ 6. bxc3 d6 7. Bg5 O-O 8. O-O Bg4 9. Qe2 exd4 10. e5 dxe5 11. Qe4 Nxe4 12. Bxe4 Qd7 13. cxd4 Bxf3 14. Bxf3 Nxd4 15. Bxb7 Nxc2 16. Rac1 Rab8 17. Be4 Nd4 18. Rc5 Nf3+ 19. Bxf3 Qf5 20. Be7 Rfe8 21. Bh4 Rbc8 22. Bg3 a6 23. Bb7 Rb8 24. Bxa6 Rb1 25. h3 Rxf1+ 26. Bxf1 h6 27. Rxc7 e4 28. Be2 e3 29. a4 exf2+ 30. Bxf2 Rxe2 31. Rc8+ Qxc8 32. a5 Qc1+ 33. Kh2 Rxf2 34. Kg3 Qe3+ 35. Kh2 Qg5 36. a6 Qxg2# 0-1

[Event "Junior Online 4NCL Division 5"]
[Site "online"]
[Date "2021.04.01"]
[EventDate "2021.04.01"]
[Round "6.251"]
[White "Pang, Ethan"]
[WhiteElo "925"]
[WhiteTeam "Edgware Gambits J"]
[Black "Querfurth Waterman, Tal"]
[BlackElo "858"]
[BlackTeam "Eden Primary Bishops"]
[Result "1-0"]
[PlyCount "91"]

1. e4 d5 2. exd5 Qxd5 3. Nc3 Qe6+ 4. Be2 Qd7 5. Bb5 c6 6. Be2 e6 7. Nf3 Bc5 8. O-O Nf6 9. d4 Bb4 10. a3 Bxc3 11. bxc3 O-O 12. Bg5 Qe7 13. Qd2 Nbd7 14. Qf4 h6 15. Bxf6 Nxf6 16. Ne5 Bd7 17. Nxd7 Nxd7 18. Bd3 Nf6 19. Rab1 b5 20. Rb3 a6 21. c4 bxc4 22. Bxc4 Ra7 23. Rfb1 Nd7 24. Qc1 Raa8 25. Rb7 Rab8 26. Qf4 Rxb7 27. Rxb7 Rd8 28. Qc7 Kh7 29. Bd3+ Kh8 30. Bxa6 g6 31. Qxc6 Kg8 32. Bb5 Qxa3 33. Rxd7 Qa1+ 34. Bf1 Rb8 35. Qc4 Rb1 36. Rd8+ Kg7 37. Rd7 Kg8 38. h3 Kg7 39. c3 Kg8 40. Qd3 Kg7 41. h4 Kg8 42. Ra7 Rd1 43. Qe2 Re1 44. Rxa1 Rxe2 45. Bxe2 f5 46. c4 1-0

[Event "Junior Online 4NCL Division 5"]
[Site "online"]
[Date "2021.04.01"]
[EventDate "2021.04.01"]
[Round "6.252"]
[White "Marks, Rory"]
[WhiteElo "914"]
[WhiteTeam "Eden Primary Bishops"]
[Black "Simmons, Keaton"]
[BlackElo "925"]
[BlackTeam "Edgware Gambits J"]
[Result "1-0"]
[PlyCount "23"]

1. e4 e5 2. Nf3 Nc6 3. d4 exd4 4. Bc4 Nf6 5. O-O d6 6. Bf4 Nxe4 7. Re1 d5 8. Bxd5 Qxd5 9. Nc3 Qc4 10. Nxe4 Bc5 11. Nf6+ Kf8 12. Re8# 1-0

[Event "Junior Online 4NCL Division 5"]
[Site "online"]
[Date "2021.04.01"]
[EventDate "2021.04.01"]
[Round "6.253"]
[White "Soni, Gia"]
[WhiteElo "850"]
[WhiteTeam "Edgware Gambits J"]
[Black "Zabary, Yoav"]
[BlackElo "929"]
[BlackTeam "Eden Primary Bishops"]
[Result "1-0"]
[PlyCount "47"]

1. e4 e5 2. Nf3 Nc6 3. Bc4 Nf6 4. d3 d5 5. exd5 Nxd5 6. Bxd5 Qxd5 7. Bg5 Bg4 8. h3 Bxf3 9. Qxf3 Qxf3 10. gxf3 Be7 11. Bxe7 Nxe7 12. Nc3 O-O-O 13. O-O-O h5 14. Rde1 f6 15. f4 Nd5 16. Nxd5 Rxd5 17. fxe5 fxe5 18. Rhg1 Rd6 19. Rxe5 a5 20. Rxg7 b5 21. Rxb5 Rb6 22. Rxa5 Kd8 23. Ra8+ Rb8 24. Rxb8# 1-0

[Event "Junior Online 4NCL Division 5"]
[Site "online"]
[Date "2021.04.01"]
[EventDate "2021.04.01"]
[Round "6.254"]
[White "Groshong, Olivia"]
[WhiteElo "850"]
[WhiteTeam "Eden Primary Bishops"]
[Black "Tulsiani, Aarav"]
[BlackElo "910"]
[BlackTeam "Edgware Gambits J"]
[Result "1-0"]
[PlyCount "75"]

1. e4 e5 2. Nf3 Nc6 3. Bc4 Nf6 4. Ng5 d5 5. exd5 Nxd5 6. d3 Be7 7. h4 O-O 8. Nc3 Nxc3 9. bxc3 h6 10. Nxf7 Rxf7 11. Bxf7+ Kxf7 12. f4 exf4 13. Bxf4 Bxh4+ 14. g3 Bf6 15. Qf3 Bxc3+ 16. Ke2 Bxa1 17. Bxc7+ Qf6 18. Qxf6+ Kxf6 19. Rxa1 Bg4+ 20. Kd2 Rc8 21. Bf4 g5 22. Bd6 Nd4 23. Ba3 Nf3+ 24. Ke3 Rxc2 25. Rf1 Rc3 26. Bb2 Bh3 27. Rxf3+ Bf5 28. Bxc3+ Kg6 29. Bd4 g4 30. Rf1 h5 31. Bxa7 h4 32. gxh4 g3 33. Kf3 Bh3 34. Rg1 g2 35. d4 Kf5 36. Kg3 Bg4 37. Rxg2 Be2 38. Rxe2 1-0

[Event "Junior Online 4NCL Division 5"]
[Site "online"]
[Date "2021.04.01"]
[EventDate "2021.04.01"]
[Round "6.255"]
[White "Querfurth Waterman, Tal"]
[WhiteElo "858"]
[WhiteTeam "Eden Primary Bishops"]
[Black "Pang, Ethan"]
[BlackElo "925"]
[BlackTeam "Edgware Gambits J"]
[Result "0-1"]
[PlyCount "32"]

1. d4 d5 2. Nc3 Nc6 3. Nxd5 Qxd5 4. e3 Nf6 5. b3 e5 6. Bc4 Qxg2 7. Qf3 Bh3 8. Qxh3 Qxh1 9. Qg3 Ne4 10. Qh4 Qxg1+ 11. Ke2 Nc3+ 12. Kd3 Qd1+ 13. Kxc3 Bb4+ 14. Kb2 Qe1 15. Kb1 Ba3 16. Qh5 Qxc1# 0-1

[Event "Junior Online 4NCL Division 5"]
[Site "online"]
[Date "2021.04.01"]
[EventDate "2021.04.01"]
[Round "6.256"]
[White "Simmons, Keaton"]
[WhiteElo "925"]
[WhiteTeam "Edgware Gambits J"]
[Black "Marks, Rory"]
[BlackElo "914"]
[BlackTeam "Eden Primary Bishops"]
[Result "0-1"]
[PlyCount "74"]

1. e4 e5 2. Nf3 Nf6 3. Nxe5 Qe7 4. Ng4 Nxe4 5. Qe2 d6 6. Nc3 Nxc3 7. dxc3 Bxg4 8. Qxe7+ Bxe7 9. Be2 Bxe2 10. Kxe2 O-O 11. Rd1 Re8 12. Kf1 Bf6 13. Kg1 Nc6 14. Rf1 Re7 15. Be3 Rae8 16. Rae1 Bg5 17. Bxg5 Rxe1 18. h3 b6 19. Rxe1 Rxe1+ 20. Kh2 f6 21. Bf4 Re2 22. Bg3 Rxc2 23. f4 Rxb2 24. h4 Rxa2 25. h5 a5 26. f5 a4 27. Bf4 a3 28. Kh3 Ra1 29. g4 a2 30. c4 Rh1+ 31. Kg3 a1=Q 32. Kf3 Qf1+ 33. Ke4 Qxc4+ 34. Kf3 Rf1+ 35. Kg3 Qd3+ 36. Kg2 Qf3+ 37. Kh2 Rh1# 0-1

[Event "Junior Online 4NCL Division 5"]
[Site "online"]
[Date "2021.04.01"]
[EventDate "2021.04.01"]
[Round "6.258"]
[White "Tulsiani, Aarav"]
[WhiteElo "910"]
[WhiteTeam "Edgware Gambits J"]
[Black "Groshong, Olivia"]
[BlackElo "850"]
[BlackTeam "Eden Primary Bishops"]
[Result "1-0"]
[PlyCount "123"]

1. e4 e5 2. Nf3 Nc6 3. Bc4 Bc5 4. Ng5 Qxg5 5. Nc3 Qf4 6. O-O Bd6 7. Nd5 Qh6 8. Nxc7+ Bxc7 9. d4 exd4 10. Bxh6 gxh6 11. c3 dxc3 12. bxc3 Be5 13. Qc1 a6 14. f4 b5 15. Bd5 Bb8 16. Re1 Nf6 17. Bxc6 dxc6 18. e5 Nd5 19. c4 bxc4 20. Qxc4 Bb7 21. e6 fxe6 22. Rxe6+ Kf7 23. Rxh6 Bxf4 24. Rh4 Be3+ 25. Kh1 Bf2 26. Rf4+ Ke6 27. Rxf2 Rhf8 28. Rxf8 Rxf8 29. Rf1 Rxf1+ 30. Qxf1 Ne3 31. Qe1 Kd5 32. Qxe3 c5 33. Qh3 Kd4 34. Qxh7 Be4 35. Qd7+ Kc3 36. Qc7 c4 37. Qa7 Kd2 38. Qxa6 c3 39. Qf1 c2 40. Qf2+ Kd1 41. Qd4+ Kc1 42. Qxe4 Kb1 43. Qe1+ Kb2 44. g3 Kxa2 45. g4 Kb2 46. g5 c1=Q 47. Qxc1+ Kxc1 48. g6 Kd2 49. g7 Kd3 50. g8=Q Kd4 51. h3 Ke5 52. h4 Kf5 53. h5 Ke5 54. h6 Kd4 55. h7 Ke4 56. h8=Q Kd3 57. Qe8 Kc4 58. Qh4+ Kd5 59. Qeh5+ Kc6 60. Qf6+ Kc7 61. Qh7+ Kc8 62. Qf8# 1-0

[Event "Junior Online 4NCL Division 5"]
[Site "online"]
[Date "2021.04.01"]
[EventDate "2021.04.01"]
[Round "6.261"]
[White "Botnari, Sofia"]
[WhiteElo "1243"]
[WhiteTeam "Chess Challengers G"]
[Black "Phillips, Thomas"]
[BlackElo "865"]
[BlackTeam "Brentwood School C"]
[Result "0-1"]
[PlyCount "34"]

1. e4 e5 2. Bc4 Nf6 3. Qf3 Nc6 4. g4 Qe7 5. g5 Nd4 6. Qd1 Nxe4 7. c3 Nf5 8. d3 Nxg5 9. Nf3 Nxf3+ 10. Qxf3 Nh4 11. Qd1 e4 12. dxe4 Qxe4+ 13. Be2 Qxh1+ 14. Bf1 Qe4+ 15. Be2 Ng2+ 16. Kd2 Bc5 17. f3 Be3# 0-1

[Event "Junior Online 4NCL Division 5"]
[Site "online"]
[Date "2021.04.01"]
[EventDate "2021.04.01"]
[Round "6.262"]
[White "Edinburgh, Christian"]
[WhiteElo "800"]
[WhiteTeam "Brentwood School C"]
[Black "Botnari, Diana"]
[BlackElo "1174"]
[BlackTeam "Chess Challengers G"]
[Result "0-1"]
[PlyCount "28"]

1. d4 d5 2. Nc3 Nc6 3. Nf3 e5 4. e3 exd4 5. exd4 Be7 6. Nxd5 Qxd5 7. b3 Bb4+ 8. Bd2 Qe4+ 9. Be2 Bxd2+ 10. Qxd2 Nge7 11. Qf4 Qxc2 12. Ne5 Qc3+ 13. Kf1 Qxa1+ 14. Bd1 Qxd1# 0-1

[Event "Junior Online 4NCL Division 5"]
[Site "online"]
[Date "2021.04.01"]
[EventDate "2021.04.01"]
[Round "6.265"]
[White "Phillips, Thomas"]
[WhiteElo "865"]
[WhiteTeam "Brentwood School C"]
[Black "Botnari, Sofia"]
[BlackElo "1243"]
[BlackTeam "Chess Challengers G"]
[Result "0-1"]
[PlyCount "100"]

1. e4 e5 2. Nf3 Bc5 3. Bc4 Qf6 4. O-O Qg6 5. Nxe5 Qf6 6. d4 Bb6 7. Nc3 c5 8. d5 d6 9. Ng4 Qg6 10. Ne3 Bh3 11. Qf3 Bg4 12. Nxg4 Nd7 13. Nb5 O-O-O 14. Bf4 Ngf6 15. Nxf6 Nxf6 16. Nxd6+ Kd7 17. Qh3+ Ng4 18. b4 cxb4 19. Nxb7 Rc8 20. Bb5+ Ke7 21. Bd6+ Kf6 22. Qf3+ Kg5 23. Qf4+ Kh5 24. g3 f5 25. Be2 fxe4 26. Bxg4+ Qxg4 27. Qf7+ Kh6 28. Bf4+ g5 29. Qf6+ Kh5 30. Qf7+ Kh6 31. Qe6+ Qxe6 32. dxe6 gxf4 33. gxf4 Rcg8+ 34. Kh1 e3 35. fxe3 Bxe3 36. Nd6 Rg6 37. Nf5+ Kh5 38. Nxe3 Rxe6 39. Nf5 Rf6 40. Ng7+ Kg6 41. f5+ Kxg7 42. Rg1+ Kh6 43. Raf1 Rhf8 44. Rf3 Rxf5 45. Rh3+ Rh5 46. Rxh5+ Kxh5 47. h4 Kxh4 48. Rg2 Kh3 49. Rh2+ Kg3 50. Rxh7 Rf1# 0-1

[Event "Junior Online 4NCL Division 5"]
[Site "online"]
[Date "2021.04.01"]
[EventDate "2021.04.01"]
[Round "6.266"]
[White "Botnari, Diana"]
[WhiteElo "1174"]
[WhiteTeam "Chess Challengers G"]
[Black "Edinburgh, Christian"]
[BlackElo "800"]
[BlackTeam "Brentwood School C"]
[Result "0-1"]
[PlyCount "46"]

1. e4 d6 2. Nf3 e5 3. Bc4 Nf6 4. d3 Bg4 5. O-O Nc6 6. Nc3 Nd4 7. Nd5 Nxf3+ 8. gxf3 Bh3 9. Re1 Nxd5 10. Bxd5 Be7 11. f4 exf4 12. Bxf4 Bg5 13. Qh5 g6 14. Qxh3 Bxf4 15. Qf3 Qg5+ 16. Kh1 Qh4 17. Kg1 Qxh2+ 18. Kf1 c6 19. Bc4 O-O-O 20. Bxf7 Rdf8 21. Bc4 Bd2 22. Qg4+ Kb8 23. Red1 Qxf2# 0-1

[Event "Junior Online 4NCL Division 5"]
[Site "online"]
[Date "2021.04.01"]
[EventDate "2021.04.01"]
[Round "6.281"]
[White "Tully, Eoin"]
[WhiteElo "700"]
[WhiteTeam "St. Laurence's BNS 2"]
[Black "Ali, Rayyan"]
[BlackElo "1000"]
[BlackTeam "Wimbledon Juniors B"]
[Result "0-1"]
[PlyCount "88"]

1. e4 b6 2. Bc4 Bb7 3. Nc3 e6 4. Nh3 h6 5. d3 g6 6. O-O Bg7 7. Bd2 Nf6 8. Bf4 d6 9. Bb3 Nbd7 10. Ba4 Qe7 11. Bxd7+ Qxd7 12. Bg3 O-O-O 13. b3 Nh5 14. a4 Bxc3 15. Rb1 Nxg3 16. hxg3 f5 17. exf5 gxf5 18. Qh5 Qc6 19. Qf3 Qxf3 20. gxf3 Bxf3 21. Rfe1 Bxe1 22. Rxe1 e5 23. Kf1 Bg4 24. Ng1 h5 25. Ne2 h4 26. gxh4 Rxh4 27. Nc3 Rg8 28. Rc1 Bh5 29. Ke1 Rg1+ 30. Kd2 Rxc1 31. Kxc1 Rh1+ 32. Kb2 Rf1 33. Nd5 Rxf2 34. Nc3 f4 35. Nb5 Kb7 36. b4 f3 37. a5 Rg2 38. Nc3 f2 39. Nd5 f1=Q 40. Ne3 Qf2 41. Nxg2 Qxg2 42. Kb3 Bd1 43. Ka4 Qxc2+ 44. Kb5 Qxd3# 0-1

[Event "Junior Online 4NCL Division 5"]
[Site "online"]
[Date "2021.04.01"]
[EventDate "2021.04.01"]
[Round "6.282"]
[White "Kou, Edward"]
[WhiteElo "925"]
[WhiteTeam "Wimbledon Juniors B"]
[Black "O'Brien, Robbie"]
[BlackElo "696"]
[BlackTeam "St. Laurence's BNS 2"]
[Result "0-1"]
[PlyCount "69"]

1. e4 e5 2. Nf3 Nc6 3. Bc4 h6 4. Nc3 Nf6 5. d3 Bc5 6. O-O O-O 7. Re1 d6 8. h3 a6 9. Be3 Bb4 10. Qd2 Re8 11. a3 Ba5 12. b4 Bb6 13. Bxb6 cxb6 14. g3 Bxh3 15. Nd5 Nxd5 16. Bxd5 Qc7 17. c4 Bg4 18. Re3 Bxf3 19. Rxf3 Nd4 20. Bxf7+ Kh7 21. Bxe8 Nxf3+ 22. Kg2 Nxd2 23. Ra2 Nb1 24. f3 Rxe8 25. f4 exf4 26. gxf4 Nc3 27. Rc2 Na4 28. Kf3 h5 29. f5 Kh6 30. Kf4 Qe7 31. Re2 Qg5+ 32. Kf3 Re5 33. d4 Qg4+ 34. Ke3 Rxe4+ 35. Kf2 0-1

[Event "Junior Online 4NCL Division 5"]
[Site "online"]
[Date "2021.04.01"]
[EventDate "2021.04.01"]
[Round "6.283"]
[White "Rothl, Nathan"]
[WhiteElo "700"]
[WhiteTeam "St. Laurence's BNS 2"]
[Black "Tinworth, Frederick"]
[BlackElo "925"]
[BlackTeam "Wimbledon Juniors B"]
[Result "1/2-1/2"]
[PlyCount "80"]

1. e4 e5 2. f4 d6 3. Bc4 Nh6 4. Nf3 Be7 5. O-O exf4 6. d4 O-O 7. Bxf4 Ng4 8. Nc3 c5 9. h3 Nf6 10. Re1 cxd4 11. Nxd4 Nc6 12. Qd3 Nb4 13. Qe3 Qb6 14. Rad1 Nxc2 15. Nxc2 Qxe3+ 16. Nxe3 h6 17. Nf5 Re8 18. Bb5 Bd7 19. Nd5 Nxd5 20. Rxd5 Bxb5 21. Rxb5 g6 22. Bxd6 Bxd6 23. Nxd6 Re6 24. e5 Rd8 25. Rd1 a6 26. Rxb7 Rxe5 27. Nxf7 Rxd1+ 28. Kh2 Re8 29. Nxh6+ Kh8 30. Nf7+ Kg7 31. Nd6+ Kh6 32. Nxe8 Kh5 33. g4+ Kh4 34. b4 Rd2+ 35. Kg1 Kg3 36. Kf1 Kf3 37. Ke1 Ke3 38. Kf1 Kf3 39. Ke1 Ke3 40. Kf1 Kf3 1/2-1/2

[Event "Junior Online 4NCL Division 5"]
[Site "online"]
[Date "2021.04.01"]
[EventDate "2021.04.01"]
[Round "6.284"]
[White "Mold, Ernest"]
[WhiteElo "649"]
[WhiteTeam "Wimbledon Juniors B"]
[Black "Rothl, Matthew"]
[BlackElo "700"]
[BlackTeam "St. Laurence's BNS 2"]
[Result "0-1"]
[PlyCount "112"]

1. e4 e5 2. Nf3 Nc6 3. Nc3 Nf6 4. Bc4 Nxe4 5. Nxe4 d5 6. Bd3 dxe4 7. Bxe4 Bg4 8. Bxc6+ Ke7 9. Be4 Bxf3 10. Qxf3 f6 11. Qa3+ Ke8 12. Qa4+ Ke7 13. Qb4+ Ke8 14. Qa4+ c6 15. O-O Rc8 16. Qb3 Qd4 17. d3 Bc5 18. Be3 Qd6 19. Bxc5 Qxc5 20. c3 Rf8 21. Qe6+ Kd8 22. Qg4 Qb5 23. b3 Qc5 24. c4 Qb4 25. Qxg7 Rc7 26. Qxf8+ Qxf8 27. h3 Qg7 28. Rae1 Rf7 29. Re3 Rf8 30. Rg3 Qd7 31. Rd1 f5 32. Bf3 f4 33. Rg5 e4 34. Bxe4 f3 35. g3 Qxh3 36. Bd5 Kc7 37. Rg7+ Kb6 38. c5+ Ka5 39. b4+ Kb5 40. Bc4+ Kxb4 41. Rxb7+ Kxc5 42. d4+ Kxc4 43. Rc1+ Kxd4 44. Rb4+ Kd5 45. Rd1+ Ke6 46. Re4+ Kf5 47. Rf4+ Kg6 48. Rd6+ Kg7 49. Rxf3 Rxf3 50. Rd7+ Rf7 51. Rd3 Re7 52. Rd1 h6 53. Rf1 h5 54. f3 Re2 55. Rf2 Re1+ 56. Rf1 Rxf1# 0-1

[Event "Junior Online 4NCL Division 5"]
[Site "online"]
[Date "2021.04.01"]
[EventDate "2021.04.01"]
[Round "6.285"]
[White "Ali, Rayyan"]
[WhiteElo "1000"]
[WhiteTeam "Wimbledon Juniors B"]
[Black "Tully, Eoin"]
[BlackElo "700"]
[BlackTeam "St. Laurence's BNS 2"]
[Result "0-1"]
[PlyCount "148"]

1. b3 b6 2. Bb2 Bb7 3. f3 f6 4. e4 e5 5. Bc4 Bc5 6. Ne2 Ne7 7. Bb5 Bb4 8. c3 c6 9. cxb4 cxb5 10. Nbc3 Nbc6 11. Nxb5 Nxb4 12. Nd6+ Kf8 13. Nxb7 Qc7 14. a3 Nc2+ 15. Kf2 Nxa1 16. Bxa1 Qxb7 17. Re1 Qc7 18. Kf1 Ng6 19. Qb1 Rc8 20. b4 Qc2 21. Qxc2 Rxc2 22. Rd1 Rc8 23. Ng3 h5 24. Nf5 Ne7 25. Nd6 Rc6 26. Nb5 a6 27. Nc3 Nc8 28. Nd5 Rd6 29. Ne3 Na7 30. Nf5 Rc6 31. h3 Nb5 32. d4 exd4 33. Nxd4 Nxd4 34. Bxd4 Rd6 35. Ke2 Kf7 36. Ke3 Rc8 37. Re1 Rc4 38. Bb2 Rc2 39. Bc1 Rc3+ 40. Kf2 Rc2+ 41. Kg1 Rdc6 42. Be3 R6c3 43. Bxb6 Rc1 44. Kf1 Rxe1+ 45. Kxe1 Rxa3 46. Kd2 Rb3 47. Bc5 Rb2+ 48. Kc3 Rxg2 49. Kc4 Rg3 50. b5 axb5+ 51. Kxb5 Rxf3 52. h4 Rf4 53. Kb6 Rxe4 54. Kc7 Rc4 55. Kd6 Rxc5 56. Kxc5 f5 57. Kd6 f4 58. Ke5 f3 59. Ke4 f2 60. Ke5 f1=Q 61. Kd5 Qf5+ 62. Kd6 Qe6+ 63. Kc7 Qc6+ 64. Kb8 d5 65. Ka7 Qc1 66. Kb6 Qc4 67. Kb7 Qc5 68. Ka8 Qc6+ 69. Kb8 d4 70. Ka7 d3 71. Kb8 d2 72. Ka7 d1=R 73. Kb8 Rb1+ 74. Ka7 Qa4# 0-1